Normal view
MARC view
- Nationalism in literature
Entry Topical Term
001 - CONTROL NUMBER
- control field: 35541
003 - CONTROL NUMBER IDENTIFIER
- control field: NUST
005 - DATE AND TIME OF LATEST TRANSACTION
- control field: 20201229093757.0
008 - FIXED-LENGTH DATA ELEMENTS
- fixed length control field: 201229|| aca||aabn | a|a d
040 ## - CATALOGING SOURCE
- Original cataloging agency: NUST
- Transcribing agency: NUST
150 ## - HEADING--TOPICAL TERM
- Topical term or geographic name entry element: Nationalism in literature
670 ## - SOURCE DATA FOUND
- Source citation: Work cat.: (NUST)3549: Gray, Richard J. 35539, After the fall, c2011.
